Bài tập cơ học và nhiệt động lực học

সংরক্ষণ করুন:
গ্রন্থ-পঞ্জীর বিবরন
প্রধান লেখক: Nguyễn, Nhật Khanh
বিন্যাস: গ্রন্থ
ভাষা:Undetermined
প্রকাশিত: TP.HCM Đại học Quốc gia TP.HCM 2005
বিষয়গুলি:
অনলাইন ব্যবহার করুন:http://lrc.tdmu.edu.vn/opac/search/detail.asp?aID=2&ID=4063
ট্যাগগুলো: ট্যাগ যুক্ত করুন
কোনো ট্যাগ নেই, প্রথমজন হিসাবে ট্যাগ করুন!
Thư viện lưu trữ: Trung tâm Học liệu Trường Đại học Thủ Dầu Một
LEADER 00687nam a2200193Ia 4500
001 TDMU_4063
008 210410s9999 xx 000 0 und d
082 |a 530.076 
090 |b N4994 
100 |a Nguyễn, Nhật Khanh 
245 0 |a Bài tập cơ học và nhiệt động lực học 
245 0 |c Nguyễn Nhật Khanh 
260 |a TP.HCM 
260 |b Đại học Quốc gia TP.HCM 
260 |c 2005 
300 |a 126tr. 
650 |a Cơ học  |v Bài tập; Nhiệt động lực học  |v Bài tập 
856 |u http://lrc.tdmu.edu.vn/opac/search/detail.asp?aID=2&ID=4063 
980 |a Trung tâm Học liệu Trường Đại học Thủ Dầu Một